Nations who have supplied an (English) Premier league footballer. - Statistics

General Stats
  • This quiz has been taken 1,030 times
    695 since last reset
  • The average score is 75 of 111
Answer Stats
Answer % Correct
France
95%
Spain
95%
Russia
94%
USA
94%
Argentina
93%
Brazil
93%
Portugal
93%
Republic of Ireland
93%
Scotland
93%
Canada
92%
England
92%
Australia
91%
Germany
91%
Japan
91%
Sweden
91%
China
90%
Mexico
90%
Netherlands
90%
Norway
90%
Denmark
89%
Egypt
89%
Italy
89%
South Korea
89%
Wales
89%
Belgium
88%
Finland
88%
Poland
88%
Chile
86%
New Zealand
86%
South Africa
86%
Austria
85%
Northern Ireland
83%
Switzerland
83%
Iceland
82%
Turkey
82%
Ukraine
82%
Nigeria
81%
Uruguay
81%
Croatia
80%
Greece
80%
Peru
80%
Slovakia
80%
Algeria
79%
Morocco
79%
Colombia
78%
Hungary
78%
Jamaica
78%
Serbia
78%
Ghana
77%
Slovenia
77%
Paraguay
76%
Czech Republic
75%
Ecuador
75%
Iran
75%
Romania
75%
Senegal
75%
Cameroon
74%
Ivory Coast
74%
Latvia
74%
Bulgaria
73%
Estonia
73%
Bosnia
72%
Venezuela
71%
Lithuania
70%
Bolivia
69%
Trinidad and Tobago
68%
Albania
67%
Belarus
67%
Israel
67%
Tunisia
67%
Costa Rica
65%
Honduras
65%
Cuba
62%
Mali
61%
Montenegro
61%
Congo
60%
Togo
60%
Kenya
59%
Cyprus
58%
Armenia
57%
Gabon
57%
Zimbabwe
56%
Georgia
55%
Kosovo
55%
Macedonia
54%
Zambia
52%
Angola
51%
Liberia
51%
Guinea
50%
Pakistan
50%
Oman
49%
Gambia
45%
Barbados
43%
Guyana
42%
Benin
40%
Philippines
38%
Antigua and Barbuda
34%
Burkina Faso
34%
Sierra Leone
34%
St Kitts and Nevis
32%
Faroe Islands
30%
Gibraltar
30%
Burundi
29%
D.R. Congo
28%
Grenada
28%
Equatorial Guinea
26%
Cape Verde
25%
Bermuda
24%
Seychelles
20%
Curacao
12%
Montserrat
10%
No matching quizzes found
Score Distribution
Percent of People with Each Score
Percentile by Number Answered
Your Score History
You have not taken this quiz since the last reset